Výročná správa 2005 Národná banka Slovenska

Saved in:
Bibliographic Details
Format: Book
Language:Slovak
Published: Bratislava Národná banka Slovenska 2006
Subjects:
Tags: Add Tag
No Tags, Be the first to tag this record!

MARC

LEADER 00000nam$a2200000$$$4500
001 0053423
005 20240318130058.6
041 0 |a slo 
044 |a SK 
245 1 0 |a Výročná správa 2005  |b Národná banka Slovenska 
264 1 |a Bratislava  |b Národná banka Slovenska  |c 2006 
300 |a 170 s. 
610 2 0 |a banky 
610 2 0 |a bankovníctvo 
610 2 0 |a prostredie ekonomické 
610 2 0 |a vývoj menový 
610 2 0 |a dohľad bankový 
610 2 0 |a emisia 
610 2 0 |a styk platobný 
610 2 0 |a spolupráca medzinárodná 
610 2 0 |a Slovensko 
610 2 0 |a NBS Bratislava 
610 2 0 |a 2005